000 00338nam a22001457a 4500
008 210602b ||||| |||| 00| 0 eng d
020 _a0801638054
041 _aeng
080 _a610.73
082 _a610.73
100 _a1
101 _aINF
245 _aProtocols for Perinatal Nursing Practice
_cRosanne H. Perez
942 _2udc
_cBK
999 _c57930
_d57930